Countries and territories of Europe by flags - Statistics

General Stats
  • This quiz has been taken 164 times
    143 since last reset
  • The average score is 44 of 60
Answer Stats
Picture Answer % Correct
Spain
100%
France
99%
United Kingdom
99%
Andorra
95%
Portugal
95%
Ireland
93%
Wales
93%
England
91%
Gibraltar
90%
Isle of Man
90%
Scotland
90%
Belgium
89%
Luxembourg
88%
Monaco
88%
Guernsey
79%
Jersey
79%
Italy
78%
Northern Ireland
78%
Germany
77%
Denmark
75%
San Marino
75%
Switzerland
75%
Austria
74%
Greece
74%
Malta
74%
Vatican
74%
Croatia
73%
Czech Republic
73%
Slovenia
73%
Bosnia and Herzegovina
72%
Albania
70%
Liechtenstein
70%
Montenegro
70%
North Macedonia
69%
Poland
69%
Serbia
69%
Slovakia
69%
Hungary
68%
Kosovo
68%
Romania
68%
Ukraine
68%
Belarus
67%
Bulgaria
67%
Lithuania
67%
Moldova
67%
Netherlands
67%
Finland
65%
Latvia
65%
Estonia
64%
Sweden
64%
Georgia
62%
Norway
62%
Russia
62%
Turkey
62%
Azerbaijan
59%
Faroe Islands
57%
Iceland
57%
Kazakhstan
57%
Kingdom of Denmark
27%
Kingdom of the Netherlands
11%
No matching quizzes found
Score Distribution
Percent of People with Each Score
Percentile by Number Answered
Your Score History
You have not taken this quiz since the last reset